000 01050nam a2200253Ia 4500
003 OSt
005 20221005112412.0
006 a|||||r|||| 00| 0
007 ta
008 221004b |||||||| |||| 00| 0 pan d
020 _cINR 200.00
024 _a68595
037 _bSP/5347, 17/02/2020, Star Publications Pvt. Ltd.
_cTextual
040 _aCRL
_cCRL
_bpan
041 _2pan
_apan
082 _aV236:51y7L17, 153Q9
100 _aਜੌੜਾਸਿੰਘਾ, ਬਲਵਿੰਦਰ ਸਿੰਘ, ਥਦ.
245 0 _aਦੇF-ਧਰਮ ਦਾ ਰਾਖਾ ਸਰਦਾਰ ਜੱਸਾ ਸਿੰਘ ਆਹਲੂਵਾਲੀਆ
260 _aਸ੍ਰੀ
_bਅੰਮ੍ਰਿਤਸਰ ਧਰਮ ਪ੍ਰਚਾਰ ਕਮੇਟੀ ਭਾਰਤ
_c2019
300 _a284ਪ੍ਰ0
_ccm.
650 _aਇਤਿਹਾਸ
942 _hV236:51y7L17, 153Q9
_cTEXL
_2cc
999 _c1024775
_d1024775